000 00497nam a2200169Ia 4500
003 GCL
008 140319s9999 xx 000 0 ara d
040 _aGCL /
_cGCL
082 0 4 _a953.064
_bو خ
100 1 _aوفاء محمد على
245 1 0 _aالخلافة العباسية فى عهد تسلط اليويهيين /
_cوفاء محمد على
300 _a156 ص
490 _a100 قصة
_v0
650 0 4 _aالتاريخ الاسلامى
650 0 4 _aالتاريخ
942 _2ddc
_cBK
999 _c43642
_d43642